[Event "GER-chT Federal Cup (Women)"]
[Site "Braunfels"]
[Date "2022.06.16"]
[Round "1.39"]
[White "Perovic Ottstadt, Sanja"]
[Black "Neumeyer, Hannelore"]
[Result "0-1"]
[WhiteElo "1507"]
[BlackElo "1877"]
[PlyCount "66"]
[EventDate "2022.06.15"]
[EventType "team-swiss"]
[EventRounds "5"]
[EventCountry "GER"]
[SourceTitle "EXT 2023"]
[Source "ChessBase"]
[SourceDate "2022.10.05"]
[SourceVersion "1"]
[SourceVersionDate "2022.10.05"]
[SourceQuality "1"]

1. d4 d5 2. Nf3 Nf6 3. e3 e6 4. Bd3 c5 5. c3 Nc6 6. Nbd2 Bd6 7. 0-0 e5 8. dxe5 Nxe5 9. Nxe5 Bxe5 10. Nf3 Bc7 11. Re1 0-0 12. b3 Bg4 13. Be2 Qd6 14. g3 Rad8 15. Bb2 Qc6 16. Rc1 Rfe8 17. Qc2 d4 18. Nh4 Bxe2 19. Qxe2 d3 20. Qf3 Qxf3 21. Nxf3 d2 22. Nxd2 Rxd2 23. Rb1 Red8 24. c4 Ne4 25. f3 Ng5 26. Rf1 Nh3+ 27. Kh1 Ba5 28. a3 R8d3 29. Bc1 Rd1 30. Rxd1 Rxd1+ 31. Kg2 Ng5 32. e4 Ne6 33. f4 Bd2 0-1

[Event "GER-chT Federal Cup (Women)"]
[Site "Braunfels"]
[Date "2021.10.23"]
[Round "4.30"]
[White "Kiesel, Lara"]
[Black "Perovic Ottstadt, Sanja"]
[Result "1-0"]
[WhiteElo "1728"]
[BlackElo "1534"]
[PlyCount "69"]
[EventDate "2021.10.19"]
[EventType "team-tourn"]
[EventRounds "5"]
[EventCountry "GER"]
[SourceTitle "CBM 204 Extra"]
[Source "ChessBase"]
[SourceDate "2021.11.30"]
[SourceVersion "1"]
[SourceVersionDate "2021.11.30"]
[SourceQuality "1"]

1. e4 e6 2. Qe2 Be7 3. g3 d5 4. d3 dxe4 5. dxe4 Nf6 6. Bg2 0-0 7. Nc3 Nc6 8. Nf3 Nd4 9. Nxd4 Qxd4 10. 0-0 c6 11. Be3 Qd8 12. Rad1 Qc7 13. f4 e5 14. f5 b6 15. g4 Rd8 16. Rc1 Ne8 17. g5 f6 18. h4 a5 19. Kh1 Ba6 20. Qf2 Bxf1 21. Bxf1 Rab8 22. Na4 c5 23. Bc4+ Kf8 24. Bd5 Nd6 25. c4 Ne8 26. Nc3 Nd6 27. a4 Qc8 28. Qf3 Qa6 29. Qh5 fxg5 30. hxg5 h6 31. Nb5 Rd7 32. Nxd6 Bxd6 33. f6 Qa7 34. fxg7+ Rxg7 35. gxh6 1-0

[Event "GER-chT Federal Cup (Women)"]
[Site "Braunfels"]
[Date "2021.10.22"]
[Round "3.23"]
[White "Perovic Ottstadt, Sanja"]
[Black "Zell, Mirjam"]
[Result "0-1"]
[WhiteElo "1534"]
[BlackElo "1692"]
[PlyCount "60"]
[EventDate "2021.10.19"]
[EventType "team-tourn"]
[EventRounds "5"]
[EventCountry "GER"]
[SourceTitle "CBM 204 Extra"]
[Source "ChessBase"]
[SourceDate "2021.11.30"]
[SourceVersion "1"]
[SourceVersionDate "2021.11.30"]
[SourceQuality "1"]

1. d4 d5 2. Nf3 Nf6 3. e3 e6 4. Bd3 Be7 5. 0-0 0-0 6. Nbd2 b6 7. c3 Bb7 8. Re1 Nbd7 9. e4 dxe4 10. Nxe4 c5 11. Nxf6+ Nxf6 12. dxc5 Bxc5 13. Bc2 Qc7 14. Qe2 Ng4 15. Be3 Bd6 16. g3 Qc6 17. Bd1 Rad8 18. h3 Ne5 19. Kg2 Bb8 20. Bd4 Nxf3 21. Qxf3 Qc7 22. Re4 f5 23. Kh2 Bxe4 24. Qh5 e5 25. Be3 f4 26. gxf4 exf4 27. Bb3+ Kh8 28. Bd4 f3+ 29. Kg1 Qh2+ 30. Kf1 Qh1# 0-1

[Event "GER-chT Federal Cup (Women)"]
[Site "Braunfels"]
[Date "2019.06.20"]
[Round "1.46"]
[White "Perovic Ottstadt, Sanja"]
[Black "Doll, Rebecca"]
[Result "0-1"]
[WhiteElo "1593"]
[BlackElo "1678"]
[PlyCount "46"]
[EventDate "2019.06.20"]
[EventType "team-swiss"]
[EventRounds "5"]
[EventCountry "GER"]
[SourceTitle "CBM 191 Extra"]
[Source "ChessBase"]
[SourceDate "2019.09.30"]
[SourceVersion "1"]
[SourceVersionDate "2019.09.30"]
[SourceQuality "1"]

1. d4 Nf6 2. Nf3 d5 3. e3 e6 4. Bd3 c5 5. c3 Nc6 6. Nbd2 Bd6 7. 0-0 0-0 8. dxc5 Bxc5 9. e4 e5 10. Qc2 Bg4 11. h3 Bh5 12. exd5 Qxd5 13. Bc4 Qd7 14. Re1 Rfe8 15. Bb3 a6 16. Qd1 e4 17. g4 exf3 18. Rxe8+ Rxe8 19. gxh5 Qxh3 20. Nxf3 Bxf2+ 21. Kxf2 Ng4+ 22. Kg1 Qg3+ 23. Kh1 Nf2# 0-1

[Event "GER-chT Federal Cup (Women)"]
[Site "Braunfels"]
[Date "2018.06.03"]
[Round "5.7"]
[White "Fett, Sabine"]
[Black "Perovic Ottstadt, Sanja"]
[Result "1-0"]
[WhiteElo "1709"]
[BlackElo "1609"]
[PlyCount "51"]
[EventDate "2018.05.31"]
[EventType "team-swiss"]
[EventRounds "5"]
[EventCountry "GER"]
[SourceTitle "EXT 2020"]
[Source "ChessBase"]
[SourceDate "2019.10.17"]
[SourceVersion "1"]
[SourceVersionDate "2019.10.17"]
[SourceQuality "1"]
[WhiteTeam "Schleswig Holstein (W)"]
[BlackTeam "Rheinland Pfalz (W)"]
[WhiteTeamCountry "GER"]
[BlackTeamCountry "GER"]

1. e4 e6 2. f4 d5 3. e5 Ne7 4. d4 Nd7 5. Nf3 c5 6. dxc5 Nxc5 7. c4 Qb6 8. Nc3 dxc4 9. Bxc4 a6 10. Qc2 Bd7 11. Be3 Nf5 12. Bf2 Bc6 13. 0-0-0 Qc7 14. Nd4 Nxd4 15. Rxd4 b5 16. f5 Bxg2 17. Rg1 Bh3 18. Nxb5 Qxe5 19. Re1 Qb8 20. Bg3 Qb7 21. Nc7+ Ke7 22. Nxa8 Qxa8 23. fxe6 Nxe6 24. Bxe6 Bxe6 25. Qc7+ Ke8 26. Qd7# 1-0

[Event "GER-chT Federal Cup (Women)"]
[Site "Braunfels"]
[Date "2018.06.02"]
[Round "4.7"]
[White "Perovic Ottstadt, Sanja"]
[Black "Grund, Melanie"]
[Result "1/2-1/2"]
[WhiteElo "1609"]
[BlackElo "1846"]
[PlyCount "52"]
[EventDate "2018.05.31"]
[EventType "team-swiss"]
[EventRounds "5"]
[EventCountry "GER"]
[SourceTitle "EXT 2020"]
[Source "ChessBase"]
[SourceDate "2019.10.17"]
[SourceVersion "1"]
[SourceVersionDate "2019.10.17"]
[SourceQuality "1"]
[WhiteTeam "Rheinland Pfalz (W)"]
[BlackTeam "Thueringen (W)"]
[WhiteTeamCountry "GER"]
[BlackTeamCountry "GER"]

1. d4 d5 2. Nf3 Nf6 3. e3 e6 4. Bd3 c5 5. c3 Nc6 6. Nbd2 cxd4 7. exd4 g6 8. 0-0 Bg7 9. Re1 0-0 10. Ne5 Nh5 11. Ndf3 Qc7 12. Bc2 Nxe5 13. Nxe5 Nf6 14. Bd2 Nd7 15. Nxd7 Bxd7 16. Qc1 Rfc8 17. Bf4 Qd8 18. Qd2 b5 19. a3 a5 20. Rec1 Bf8 21. Bd3 b4 22. axb4 axb4 23. Qe1 Rxa1 24. Rxa1 bxc3 25. bxc3 Ra8 26. Bd2 Rxa1 1/2-1/2

[Event "Regionalliga SW 1516 (Women)"]
[Site "Germany"]
[Date "2016.02.28"]
[Round "5.2"]
[White "Holschuh, Luisa"]
[Black "Perovic Ottstadt, Sanja"]
[Result "0-1"]
[WhiteElo "1443"]
[BlackElo "1445"]
[PlyCount "38"]
[EventDate "2015.09.27"]
[EventType "team-tourn"]
[EventRounds "5"]
[EventCountry "GER"]
[SourceTitle "EXT 2018"]
[Source "ChessBase"]
[SourceDate "2017.10.13"]
[SourceVersion "1"]
[SourceVersionDate "2017.10.13"]
[SourceQuality "1"]
[WhiteTeam "Riegelsberg (W)"]
[BlackTeam "Landskrone (W)"]
[WhiteTeamCountry "GER"]
[BlackTeamCountry "GER"]

1. e4 e6 2. d4 d5 3. e5 c5 4. c3 Qb6 5. Nf3 Nc6 6. Bd3 cxd4 7. cxd4 Bd7 8. 0-0 Nxd4 9. Nxd4 Qxd4 10. Nc3 Qxe5 11. Re1 Qd6 12. Nb5 Qb8 13. Qf3 Bd6 14. h3 Nf6 15. Bg5 Be5 16. Bxf6 Bxf6 17. Qxd5 Bc6 18. Nd6+ Kf8 19. Qc5 Be7 0-1

[Event "Regionalliga SW 1516 (Women)"]
[Site "Germany"]
[Date "2016.01.10"]
[Round "3.2"]
[White "Mijatovic, Andrea"]
[Black "Perovic Ottstadt, Sanja"]
[Result "1-0"]
[WhiteElo "1870"]
[BlackElo "1445"]
[PlyCount "93"]
[EventDate "2015.09.27"]
[EventType "team-tourn"]
[EventRounds "5"]
[EventCountry "GER"]
[SourceTitle "EXT 2018"]
[Source "ChessBase"]
[SourceDate "2017.10.13"]
[SourceVersion "1"]
[SourceVersionDate "2017.10.13"]
[SourceQuality "1"]
[WhiteTeam "Stuttgart Wolfbusch (W)"]
[BlackTeam "Landskrone (W)"]
[WhiteTeamCountry "GER"]
[BlackTeamCountry "GER"]

1. e4 e6 2. d4 d5 3. exd5 exd5 4. Nf3 Nf6 5. c4 c6 6. Nc3 Be7 7. cxd5 Nxd5 8. Bc4 Be6 9. Qb3 b6 10. 0-0 0-0 11. Ne5 Qd6 12. f4 Nxc3 13. bxc3 Bxc4 14. Qxc4 Qd5 15. Re1 Qxc4 16. Nxc4 Bf6 17. Ba3 Rd8 18. Re3 Nd7 19. Rae1 c5 20. Ne5 Bxe5 21. fxe5 cxd4 22. cxd4 Nf8 23. Rd1 Rd5 24. Rc3 Ne6 25. Rcd3 Rc8 26. R1d2 h6 27. Kf2 Rc4 28. Ke3 g6 29. Ke4 Rd8 30. Bd6 Rdc8 31. g3 Ng5+ 32. Ke3 Rc2 33. d5 Nh7 34. Be7 Nf8 35. Bxf8 Kxf8 36. d6 Rxd2 37. Rxd2 Rd8 38. Rc2 Ke8 39. Ke4 Rd7 40. Kd5 Kd8 41. Rf2 Ke8 42. Rf6 h5 43. Kc6 Rd8 44. e6 fxe6 45. Rxe6+ Kf7 46. Re7+ Kf8 47. Rxa7 1-0

[Event "GER-chT Federal Cup (Women)"]
[Site "Braunfels"]
[Date "2015.06.06"]
[Round "4.7"]
[White "Perovic Ottstadt, Sanja"]
[Black "Gottschall, Ina"]
[Result "1/2-1/2"]
[WhiteElo "1406"]
[BlackElo "1573"]
[PlyCount "57"]
[EventDate "2015.06.04"]
[EventType "team-swiss"]
[EventRounds "5"]
[EventCountry "GER"]
[SourceTitle "CBM 167 Extra"]
[Source "ChessBase"]
[SourceDate "2015.09.14"]
[SourceVersion "1"]
[SourceVersionDate "2015.09.14"]
[SourceQuality "1"]
[WhiteTeam "Rheinland Pfalz (W)"]
[BlackTeam "Sachsen (W)"]
[WhiteTeamCountry "GER"]
[BlackTeamCountry "GER"]

1. d4 g6 2. Nf3 Bg7 3. c3 d5 4. Bg5 Nf6 5. Nbd2 Bf5 6. e3 Nbd7 7. Be2 0-0 8. 0-0 Bg4 9. Re1 c6 10. Qb3 Qb6 11. Rac1 Rfe8 12. Bf4 Qxb3 13. Nxb3 Rac8 14. h3 Bxf3 15. Bxf3 e5 16. dxe5 Nxe5 17. Be2 Nfd7 18. Nd4 Nc5 19. Bxe5 Rxe5 20. Bf1 Rce8 21. Nf3 R5e7 22. Rcd1 Na4 23. Rb1 a6 24. Bd3 c5 25. Bc2 Nb6 26. Kf1 Nc4 27. Bb3 Nb6 28. Rbd1 c4 29. Bc2 1/2-1/2

[Event "BL2 Sued 0809 (Women)"]
[Site "Germany"]
[Date "2009.01.04"]
[Round "5.6"]
[White "Weinmann, Helene"]
[Black "Perovic Ottstadt, Sanja"]
[Result "1/2-1/2"]
[WhiteElo "1526"]
[BlackElo "1400"]
[PlyCount "60"]
[EventDate "2008.11.08"]
[EventType "team-tourn"]
[EventRounds "7"]
[EventCountry "GER"]
[SourceTitle "EXT 2010"]
[Source "ChessBase"]
[SourceDate "2010.11.25"]
[SourceVersion "1"]
[SourceVersionDate "2010.11.25"]
[SourceQuality "1"]
[WhiteTeam "Differten (W)"]
[BlackTeam "Schott Mainz (W)"]
[WhiteTeamCountry "GER"]
[BlackTeamCountry "GER"]

1. d4 e6 2. c4 d5 3. e3 Nf6 4. Nc3 Be7 5. Nf3 0-0 6. cxd5 exd5 7. Be2 b6 8. 0-0 Bb7 9. Bd2 Nbd7 10. Rc1 Rc8 11. Bd3 c5 12. dxc5 Nxc5 13. Bf5 Rb8 14. Nb5 a6 15. Nbd4 Re8 16. Bc3 Nce4 17. Be1 Bf8 18. Nc6 Bxc6 19. Rxc6 a5 20. Rc1 g6 21. Bh3 Bg7 22. Nd4 Qd6 23. f4 Nc5 24. Bf2 Nfe4 25. Bh4 Nf6 26. Qf3 Re4 27. Bf2 Rbe8 28. Rfd1 R4e7 29. Rc2 Nfe4 30. Bh4 Nf6 1/2-1/2

[Event "Lucky op 2nd"]
[Site "Hamburg"]
[Date "1999.10.22"]
[Round "9"]
[White "Perovic Ottstadt, Sanja"]
[Black "Iljins, Alexander"]
[Result "1/2-1/2"]
[WhiteElo "1292"]
[BlackElo "800"]
[PlyCount "67"]
[EventDate "1999.10.??"]
[EventType "swiss"]
[EventRounds "9"]
[EventCountry "GER"]
[SourceTitle "EXT 2001"]
[Source "ChessBase"]
[SourceDate "2000.11.22"]
[SourceVersion "1"]
[SourceVersionDate "2000.11.22"]
[SourceQuality "1"]

1. d4 d5 2. e3 e6 3. Nf3 Nf6 4. Bd3 Be7 5. Nbd2 0-0 6. 0-0 b6 7. Re1 Bb7 8. e4 dxe4 9. Nxe4 Nxe4 10. Bxe4 Bxe4 11. Rxe4 c5 12. c3 Nc6 13. Re1 cxd4 14. Nxd4 Nxd4 15. Qxd4 Qxd4 16. cxd4 Rad8 17. Be3 Bf6 18. Rad1 Rd7 19. Rd2 Rfd8 20. Red1 e5 21. dxe5 Rxd2 22. Rxd2 Rxd2 23. Bxd2 Bxe5 24. b3 Kf8 25. h3 Ke7 26. g4 Kd6 27. Kf1 Kc5 28. Ke2 Kd4 29. f3 h6 30. a3 Bd6 31. a4 f6 32. h4 Bg3 33. h5 Bd6 34. a5 1/2-1/2

[Event "Lucky op 2nd"]
[Site "Hamburg"]
[Date "1999.10.17"]
[Round "4"]
[White "Perovic Ottstadt, Sanja"]
[Black "Wolter, Jens"]
[Result "1/2-1/2"]
[WhiteElo "1292"]
[BlackElo "800"]
[PlyCount "112"]
[EventDate "1999.10.??"]
[EventType "swiss"]
[EventRounds "9"]
[EventCountry "GER"]
[SourceTitle "EXT 2001"]
[Source "ChessBase"]
[SourceDate "2000.11.22"]
[SourceVersion "1"]
[SourceVersionDate "2000.11.22"]
[SourceQuality "1"]

1. d4 d5 2. e3 Nc6 3. Nf3 Nf6 4. Nbd2 e6 5. Bd3 Be7 6. 0-0 0-0 7. e4 dxe4 8. Nxe4 b6 9. c3 Bb7 10. Be3 Re8 11. Nxf6+ Bxf6 12. Qc2 g6 13. Qc1 e5 14. dxe5 Nxe5 15. Nxe5 Bxe5 16. Bc2 Qd6 17. h3 Qc6 18. f3 Rad8 19. Be4 Rd5 20. Bxd5 Qxd5 21. Qd2 Bg7 22. Qxd5 Bxd5 23. Bd4 Bxd4+ 24. cxd4 Re2 25. b3 Rd2 26. Rfd1 Re2 27. Re1 Rd2 28. Red1 Re2 29. Kf1 Rc2 30. Rdc1 Rxc1+ 31. Rxc1 c6 32. Ke2 Kg7 33. Ke3 g5 34. g3 h6 35. f4 Kf6 36. fxg5+ hxg5 37. Rf1+ Kg6 38. h4 Kh5 39. hxg5 Kxg5 40. Rf4 a5 41. Kd2 c5 42. dxc5 bxc5 43. Kc3 f5 44. a3 Kf6 45. b4 axb4+ 46. axb4 cxb4+ 47. Kxb4 Ke5 48. Kc3 Ke6 49. Kd4 Ba2 50. Ke3 Ke5 51. Ra4 Be6 52. Ra5+ Kf6 53. Kf4 Kg6 54. Re5 Kf6 55. Ra5 Bd7 56. Ra6+ Be6 1/2-1/2